| 000 | 01058nac a22002531u 4500 | ||
|---|---|---|---|
| 010 | _a 73165479 | ||
| 020 | _a0582445876 | ||
| 082 | 0 | 0 |
_a658.401 _bT2381 |
| 090 |
_c4669 _d4669 |
||
| 100 | _aTaylor, Bernard, | ||
| 245 | 1 | 2 |
_aA handbook of strategic planning. _cEdited by Bernard Taylor and Kevin Hawkins. |
| 260 |
_a[London] _bLongmanc.[1972] _cc.[1972] |
||
| 300 |
_axxii, 456 p. _c24 cm. |
||
| 490 | 0 | _aBusiness strategy & planning | |
| 500 | _aBased on papers presented to University of Bradford Management Centre conferences and seminars ... 1967-70, ... supplemented with articles reprinted from various journals." | ||
| 504 | _aIncludes bibliographical references. | ||
| 650 | 0 | _aStrategic planning. | |
| 650 | 0 | _aCorporations. | |
| 650 | 0 | _aPlanning. | |
| 700 | 1 | _aHawkins, Kevin H., | |
| 710 | 2 |
_aUniversity of Bradford. _bManagement Centre. |
|
| 942 |
_cBB _k658.401T2381 |
||
| 999 |
_c4669 _d4669 |
||